Datum a čas kvízu
27
Celkem bodů
Celkový počet nahraných bodů na tomto kvízu bez doplňovacích otázek.
5.
Pořadí na kvízu
Konečné umístění týmu na tomto kvízu.
Zaznamenané odpovědi
| # | Otázka | Odpověď | Body | Výsledky |
|---|---|---|---|---|
| 1. | Generálním ředitelem Úřadu prá... | (Roman) Chlopčík | 1 | |
| 2. | Americký ministr zdravotnictví... | D | 1 | |
| 3. | Ve čtvrtek vyšel trailer na no... | bude černobílá | 0 | |
| 4. | Kterou americkou komunikační p... | 1 | ||
| 5. | 41letý americký basketbalista... | LeBron James | 1 | |
| 6. | Hned v úvodu bod rozdělíme: za... | Ulánbátar; Altaj | 0.5 | |
| 7. | Mongolština může být zapisován... | cyrilice (azbuka) | 0 | |
| 8. | Jak se jmenuje hudební skupina... | The Hu | 0 | |
| 9. | Které náboženství je v Mongols... | buddhismus (lamaismus) | 0 | |
| 10. | Do Mongolska zasadila děj svéh... | babičce | 0 |